000 00704nam a22001937a 4500
999 _c18075
_d18075
003 AR-CdUCM
008 190511b ||||| |||| 00| 0 spa d
040 _aMUNICIPALIDAD PROVINCIAL DEL CUSCO
_cBIBLIOTECA MUNICIPAL DEL CUSCO
082 _a621.34 /
_bK41
100 _aKemeny, John G.
_938444
245 _aEl hombre y la computadora /
260 _aArgentina :
_bGeminis,
_c1972.
300 _a170 páginas ;
_c19 cm.
505 _aContenido : Nace una nueva especie -- Lo que aporta cada especie --Tiempo compartido -- División del trabajo -- Las computadoras en el hogar ...
650 _aComputadoras.
_938052
650 _aTecnología.
_91571
942 _2ddc
_cLIBROS
945 _arum
_d2019-05-11